Selected readings in mineral economics, (Record no. 30324)

MARC details
000 -LEADER
fixed length control field 00872cam a22002531 4500
001 - CONTROL NUMBER
control field gs 67000186
003 - CONTROL NUMBER IDENTIFIER
control field DLC
005 - DATE AND TIME OF LATEST TRANSACTION
control field 20260227111420.0
008 - FIXED-LENGTH DATA ELEMENTS--GENERAL INFORMATION
fixed length control field 770824s1966 nvu 000 0 eng c
010 ## - LIBRARY OF CONGRESS CONTROL NUMBER
LC control number gs 67000186
035 ## - SYSTEM CONTROL NUMBER
System control number (OCoLC)3215065
040 ## - CATALOGING SOURCE
Original cataloging agency U.S. Geol. Survey. Library
Transcribing agency TxEU
Modifying agency DLC
042 ## - AUTHENTICATION CODE
Authentication code premarc
050 00 - LIBRARY OF CONGRESS CALL NUMBER
Classification number TN24.N3
Item number A26 no. 12
082 ## - DEWEY DECIMAL CLASSIFICATION NUMBER
Classification number 016.553
100 1# - MAIN ENTRY--PERSONAL NAME
Personal name Voskuil, Walter Henry,
Dates associated with a name 1892- .
245 10 - TITLE STATEMENT
Title Selected readings in mineral economics,
Statement of responsibility, etc. by Walter H. Voskuil.
260 ## - PUBLICATION, DISTRIBUTION, ETC.
Place of publication, distribution, etc. Reno,
Name of publisher, distributor, etc. Mackay School of Mines, University of Nevada [for sale by Nevada Bureau of Mines, University of Nevada]
Date of publication, distribution, etc. 1966.
300 ## - PHYSICAL DESCRIPTION
Extent v, 18 p.
Dimensions 28 cm.
410 20 - SERIES STATEMENT/ADDED ENTRY--CORPORATE NAME [OBSOLETE, CAN/MARC], [LOCAL, USA]
Corporate name or jurisdiction name as entry element Nevada Bureau of Mines.
Title of a work Report
Volume number/sequential designation 12
504 ## - BIBLIOGRAPHY, ETC. NOTE
Bibliography, etc. note Bibliography: p. 5-18.
650 #0 - SUBJECT ADDED ENTRY--TOPICAL TERM
Topical term or geographic name entry element Geology, Economic
Form subdivision Bibliography.
650 #0 - SUBJECT ADDED ENTRY--TOPICAL TERM
Topical term or geographic name entry element Mines and mineral resources
Form subdivision Bibliography.

No items available.

Powered by Koha